Las finanzas de la Universidad a través del tiempo (Record no. 1271)

MARC details
000 -CABECERA
campo de control de longitud fija 00537nam a2200169 a 4500
001 - NÚMERO DE CONTROL
campo de control BRCA_1409
005 - FECHA Y HORA DE LA ÚLTIMA TRANSACCIÓN
campo de control 20190320203420.0
008 - DATOS DE LONGITUD FIJA--INFORMACIÓN GENERAL
campo de control de longitud fija 820714s1951 mx-a---###---#000-0#spa-#
050 #4 - SIGNATURA TOPOGRÁFICA DE LA BIBLIOTECA DEL CONGRESO
Número de clasificación LE7.M4
Número de documento/Ítem .A88 1951
100 1# - ENTRADA PRINCIPAL--NOMBRE DE PERSONA
Nombre de persona Attolini, José
9 (RLIN) 4607
245 10 - MENCIÓN DE TÍTULO
Título Las finanzas de la Universidad a través del tiempo
Mención de responsabilidad, etc. José Attolini.
260 ## - PUBLICACIÓN, DISTRIBUCIÓN, ETC.
Lugar de publicación, distribución, etc. [México]
Nombre del editor, distribuidor, etc. Escuela Nacional de Economía
Fecha de publicación, distribución, etc. 1951
300 ## - DESCRIPCIÓN FÍSICA
Extensión 91 p.
Otras características físicas il.
Dimensiones 24 cm.
504 ## - NOTA DE BIBLIOGRAFÍA, ETC.
Nota de bibliografía, etc. Bibliografía: p. 85-87
610 24 - PUNTO DE ACCESO ADICIONAL DE MATERIA--NOMBRE DE ENTIDAD CORPORATIVA
Nombre de entidad corporativa o nombre de jurisdicción como elemento de entrada México (Ciudad)
Unidad subordinada Universidad Nacional.
9 (RLIN) 4608
942 ## - ELEMENTOS DE PUNTO DE ACCESO ADICIONAL (KOHA)
Fuente del sistema de clasificación o colocación Library of Congress Classification
Tipo de ítem Koha Libros
Holdings
Estado de retiro Estado de pérdida Estado dañado No para préstamo Localización permanente Ubicación/localización actual Fecha de adquisición Total de préstamos Signatura topográfica completa Código de barras Fecha visto por última vez Precio válido a partir de Tipo de ítem Koha
El ejemplar forma parte de la colección y puede ser consultado según las políticas vigentes.       Biblioteca del Museo Franz Mayer (Rogerio Casas-Alatriste) Biblioteca del Museo Franz Mayer (Rogerio Casas-Alatriste) 26/06/2008   LE7.M4 .A88 1951 01935 22/03/2019 22/03/2019 Libros